| 000 | 02016nam a2200433 c 4500 | ||
|---|---|---|---|
| 003 | BLK | ||
| 005 | 20250331164115.0 | ||
| 008 | 180409b bul|||||r ||||||| ||bul|| | ||
| 010 | _aKNG00144239000 | ||
| 020 |
_a978-954-03-0696-4 _bиздат.: Техника |
||
| 040 | _aBLK | ||
| 041 |
_aBUL _cBUL |
||
| 072 | 7 |
_2bullib _aН50 _xЕстествени науки. Математика и др. Н |
|
| 080 |
_aПрирода. Изучаване и опазване на природната среда. Опазване на растителния и животинския свят. Вж и 55/59 _b502 _x(075.8) _z502(075.8) |
||
| 080 |
_aНауки за околната среда _b504 _x(075.8) _z504(075.8) |
||
| 100 | 1 |
_aКиров, Димитър Георгиев _eпърви автор _9379132 |
|
| 139 |
_aКиров, Димитър Георгиев _bК 59 |
||
| 245 | 1 | 0 |
_aИнженерна екология _cДимитър Георгиев Киров. |
| 257 | _aBGR | ||
| 260 |
_аСофия _bТехника _c2011 _fСофия : ПК Д. Благоев |
||
| 300 |
_a216 с. _bс ил. _c24 см |
||
| 380 | _a5 | ||
| 500 | _aБиблиогр. с. 212-214. | ||
| 650 | 4 |
_aЕкология - учебници за ВУЗ _9270148 |
|
| 650 | 4 |
_aОколна среда - замърсяване и опазване - учебници за ВУЗ _9245928 |
|
| 650 | 4 |
_aПрирода - защита - учебници за ВУЗ _9245175 |
|
| 653 | _aинженерна екология | ||
| 653 | _aзамърсяване на околната среда | ||
| 653 | _aопазване на околната среда | ||
| 653 | _aзащита на природата | ||
| 653 | _aучебници за ВУЗ | ||
| 659 | _aН | ||
| 852 | _aЦб 260048 | ||
| 856 | 4 |
_qpdf _u |
|
| 856 | 4 |
_qpdf _u |
|
| 942 |
_cKNG _n0 _05 |
||
| 944 |
_aCR _c20.06.2013 _lВиолета Тройчева _k30552 |
||
| 944 |
_aED _c10.07.2015 _lф / _kЛюдмила_Стоянова |
||
| 999 |
_c138255 _d138255 |
||